| 000 | 01655nam0a22003491 4500 | ||
|---|---|---|---|
| 001 | rc\119677 | ||
| 005 | 20260407063529.0 | ||
| 010 |
_a5-87917-001-2 _930000 |
||
| 035 | _a(NLR Aleph) 005377480 | ||
| 090 |
_a7065118 _c7065118 |
||
| 100 | _a20021216d1994 |||y0rusy50 ca | ||
| 101 | 0 | _arus | |
| 102 | _aRU | ||
| 105 | _aa ||||||||| | ||
| 200 | 1 |
_aВалентин Понтифекс _e[Роман, рассказы _eПеревод] _fР. Сильверберг _g[Худож. К. Комардин] |
|
| 210 |
_aМ. _cАлександрия _d1994 |
||
| 215 |
_a477, [2] с. _cил. _d22 |
||
| 225 | 1 | _aИноземье | |
| 327 | 1 | _aСодерж.: Валентин Понтифекс: Роман: 3-я кн. сериала "Маджипур"; Рассказы: Сезон мутантов; Железный канцлер; Вот сокровище...; Папа и шимпанзе; Меж двух миров | |
| 464 | 0 |
_12001#$aВалентин Понтифекс _tВалентин Понтифекс |
|
| 464 | 0 |
_12001#$aСезон мутантов _tСезон мутантов |
|
| 464 | 0 |
_12001#$aЖелезный канцлер _tЖелезный канцлер |
|
| 464 | 0 |
_12001#$aВот сокровище... _tВот сокровище... |
|
| 464 | 0 |
_12001#$aПапа и шимпанзе _tПапа и шимпанзе |
|
| 464 | 0 |
_12001#$aМеж двух миров _tМеж двух миров |
|
| 700 | 1 |
_7ca _8rus _aСилверберг _bР. _f1935- _gРоберт _3RU\NLR\AUTH\7713619 _9123305 |
|
| 801 | 0 |
_aRU _bNLR _gpsbo |
|
| 801 | 1 |
_aRU _bELAR _2rusmarc |
|
| 852 |
_aNLR _j94-3/4993 |
||
| 942 | _cBOOK | ||
| 980 | _aNB | ||